| 000 | 01072cam a2200313 4500 | ||
|---|---|---|---|
| 001 | J115671 | ||
| 008 | 011121n2001 000 0 eng u | ||
| 035 | _a(Sirsi) u115671 | ||
| 110 |
_aRoyal Institution of Chartered Surveyors _bGovernance and Corporate Management _94171 |
||
| 245 | _aExtraordinary general meeting and postal ballot. Explanitory guide to the special and ordinary resolutions | ||
| 260 |
_aLondon _bRICS _c2001 |
||
| 300 |
_a[5]p. _c30cm. |
||
| 520 | _aAccompanies "Notice of the extraordinary general meeting and postal ballot" (J115669). | ||
| 650 | _aACCREDITATION | ||
| 650 | _aACCREDITED COURSES | ||
| 650 | _aRICS BYE-LAWS | ||
| 650 | _aRICS ROYAL CHARTER | ||
| 650 | _aDISCIPLINARY PROCEDURES | ||
| 650 | _aCAREERS, EDUCATION AND TRAINING | ||
| 650 | _aFACULTIES | ||
| 650 | _aGOVERNANCE | ||
| 650 | _aRECOGNITION | ||
| 650 | _aRICS | ||
| 650 | _aRICS REGULATIONS | ||
| 650 | _aRICS RULES OF CONDUCT | ||
| 690 | _aCAREERS, EDUCATION AND TRAINING | ||
| 710 |
_aRoyal Institution of Chartered Surveyors _94900 |
||
| 942 | _n0 | ||
| 999 |
_c101784 _d101784 |
||